000 00919cam a22002412i 4500
003 SA_RiAUC
005 20250715060712.0
008 250714s2003____le g 000 0 ara c
040 _aSA-RiKAPL
_bara
_cSA-RiAUC
_erda
082 0 4 _a398.809531
090 _a398.809531
_bب ا ش
100 1 _aباشراحيل، عبد الله محمد،
_d1370-هجري
_eمؤلف.
245 1 0 _aكهوف الوهم :
_bشعر شعبي /
_cعبد الله محمد باشراحيل.
250 _aالطبعة الأولى.
264 1 _aبيروت :
_bمؤسسة دار الكتاب الحديث،
_c2003
300 _a103 صفحة ؛
_c22 سم
336 _aنص
_btxt
_2rdacontent
_3كتاب
337 _aبدون وسيط
_bn
_2rdamedia
338 _aمجلد
_bnc
_2rdacarrier
650 7 _aالشعر العربي الشعبي
_zالسعودية
_2aucsh
942 _2ddc
_cBOOK
_n0
949 _aSA-JeALM
_d250714
_umohamedma123
_n1
999 _c9923
_d9923